رحلة عبر الزمن : (Record no. 14921)
[ view plain ]
| 000 -الفاتح | |
|---|---|
| حقل البيانات ثابتة الطول | 01816nam a22003855i 4500 |
| 003 - محدد رقم الضبط | |
| رقم الضبط | EG-ScBUE |
| 005 - وقت وتاريخ اخر تعامل مع التسجيلة | |
| رقم الضبط | 20260503102408.0 |
| 008 - عناصر البيانات ثابتة الطول - معلومات عامة | |
| حقل البيانات ثابتة الطول | 110119s2003 ua o frb 0010 aara d |
| 017 ## - رقم الإيداع القانونى | |
| رقم الإيداع القانونى | 2003 / 3005 |
| 020 ## - الرقم الدولى المعيارى للكتب | |
| الرقم الدولى المعيارى للكتاب | 9773200930 |
| 040 ## - مصدر الفهرسة | |
| وكالة الفهرسة الأصلية | EG-ScBUE |
| لغة الفهرسة | ara |
| قواعد الوصف | rda |
| وكالة النسخ | EG-ScBUE |
| وكالة التعديل | EG-ScBUE |
| 041 1# - رمز اللغة | |
| رمز لغة النص/ المسارات الصوتية أو العنوان الانفرادي | ara |
| رمز لغة الترجمات و/او الاصلية المتوسطة للنص | eng |
| 082 04 - رقم تصنيف ديوى العشرى | |
| رقم التصنيف | 540.92 |
| رقم المادة | ز و ي |
| رقم الطبعة | 22 |
| 100 1# - المدخل الرئيسى - إسم شخصى | |
| الإسم الشخصى | زويل، أحمد، |
| التواريخ المصاحبة للاسم | 1946-2016، |
| الدور | مؤلف. |
| 9 (RLIN) | 17378 |
| 240 0# - العنوان الموحد | |
| عنوان موحد | Voyage through time : walks of life to the Nobel prize. |
| لغة العمل | Arabic |
| 245 10 - بيان العنوان | |
| العنوان | رحلة عبر الزمن : |
| بقية العنوان | الطريق إلى جائزة نوبل / |
| بيان المسئوليه,etc | دكتور أحمد زويل ؛ ترجمة دكتور مصطفى محمود سليمان، رئيس قسم الجيولوجيا بكلية العلوم جامعة الزقازيق. |
| 250 ## - بيان الطبعة | |
| بيان الطبعة | الطبعة الأولى. |
| 264 #1 - النشر، التوزيع | |
| مكان الناشر او الموزع | القاهرة : |
| اسم الناشر او الموزع | مركز الأهرام للنشر والترجمة والتوزيع، |
| تاريخ النشر أو التوزيع | 2003. |
| 300 ## - الوصف المادى | |
| التعداد | xii, 291 صفحة : |
| تفاصيل ماديه اخرى للوعاء | صور ؛ |
| أبعاد الوعاء | 24 سم |
| 336 ## - نوع المحتوى | |
| source | rdacontent |
| Carrier Type Term | نص |
| Content Type Code | txt |
| 337 ## - نوع الوسيط | |
| source | rdamedia |
| Media Type Term | بدون وسيط |
| Media Type Code | n |
| 338 ## - نوع الحامل أو الناقل | |
| source | rdacarrier |
| Carrier Type Term | مجلد |
| Carrier Type Code | nc |
| 500 ## - تبصرة عامة | |
| تبصرة عامة | يشتمل على ملاحق. |
| 500 ## - تبصرة عامة | |
| تبصرة عامة | يشتمل على كشاف. |
| 504 ## - تبصرة ببليوجرافية | |
| تبصرة ببليوجرافية,الخ | يشتمل على إرجاعات ببليوجرافية. |
| 541 ## - تبصرة المصدر المباشر للتزويد | |
| مصدر التزويد | د. مصطفى محمود سليمان ؛ |
| طريقة التزويد | إهداء ؛ |
| 546 ## - تبصرة اللغة | |
| تبصرة اللغة | النص باللغة الإنجليزية ؛ وقد تم ترجمته إلى العربية. |
| 600 17 - المدخل الاضافى بالموضوع-اسم شخصى | |
| الإسم الشخصى | زويل، أحمد، |
| التواريخ المصاحبة للاسم | 1946-2016 |
| التقسيم الفرعي الشكلي | يوميات. |
| مصدر الرأس أو المصطلح | BUEsh |
| 9 (RLIN) | 17378 |
| 650 #7 - المدخل الاضافى بالموضوع-مصطلح موضوعى | |
| مصطلح موضوعي أو اسم جغرافي كعنصر مدخل | الكيميائيون المصريون |
| التقسيم الفرعي الشكلي | تراجم. |
| مصدر الرأس أو المصطلح | BUEsh |
| 9 (RLIN) | 21508 |
| 650 #7 - المدخل الاضافى بالموضوع-مصطلح موضوعى | |
| مصطلح موضوعي أو اسم جغرافي كعنصر مدخل | جائزة نوبل. |
| مصدر الرأس أو المصطلح | BUEsh |
| 9 (RLIN) | 27047 |
| 653 ## - مصطلح تكشيفى غير مقيد | |
| Resource For college | Generalities |
| Arrived date list | December2017 |
| 655 ## - مصطلح تكشيفى-نوع/شكل | |
| التقسيم الفرعي الشكلي | Reading book |
| 700 1# - المدخل الاضافى - اسم شخصى | |
| الإسم الشخصى | سليمان، مصطفى محمود، |
| الدور | مترجم. |
| 9 (RLIN) | 39456 |
| 942 ## - عناصر المدخل الإضافي( كوها) | |
| مصدر التصنيف او مخطط الترفيف | Dewey Decimal Classification |
| حالة التراجع | حالة الفقد | مصدر التصنيف او خطة الترفيف | حالة تلف | ليس للاعارة | مجموعات كوها | المكان الدائم | المكان الحالي | موقع الترفيف | تاريخ الاكتساب | Source of acquisition | رقم الاستدعاء | الباركود | Date last seen | مُعار | تبصرة غير عامة( المفوع للعناصر المفقوده) | نوع الوعاء | تبصرة عامة |
|---|---|---|---|---|---|---|---|---|---|---|---|---|---|---|---|---|---|
| Dewey Decimal Classification | Donation-Gift | Central Library | Central Library | First floor | 19/01/2011 | Donation | 540.92 ز و ي | 000022755 | 15/07/2025 | 01/12/2016 | إهداء من دكتور مصطفى سليمان | Book - Borrowing | |||||
| Dewey Decimal Classification | Baccah | Central Library | Central Library | First floor | 13/12/2017 | Purchase | 540.92 ز و ي | 000042618 | 15/07/2025 | Composed by Dr. Mostafa Soliman | Book - Borrowing | ||||||
| Dewey Decimal Classification | Baccah | Central Library | Central Library | First floor | 13/12/2017 | Purchase | 540.92 ز و ي | 000042619 | 15/07/2025 | Composed by Dr. Mostafa Soliman | Book - Borrowing | ||||||
| Dewey Decimal Classification | Baccah | Central Library | Central Library | First floor | 13/12/2017 | Purchase | 540.92 ز و ي | 000042620 | 15/07/2025 | 03/03/2024 | Composed by Dr. Mostafa Soliman | Book - Borrowing | |||||
| Dewey Decimal Classification | Donation-Gift | Central Library | Central Library | First floor | 01/09/2022 | Donation | 540.92 ز و ي | 000056382 | 15/07/2025 | NB - Book (Non borrowing) | إهداء من مكتب رئيس الجامعة البريطانية |